| 000 | 00475cam a2200181ua 4500 | ||
|---|---|---|---|
| 001 | 1278 | ||
| 008 | 110627n ii |||gr||||Z||||||eng | ||
| 040 | _cMAIN | ||
| 082 | _a330.954 | ||
| 100 | 1 | _aGanguli, C., | |
| 245 | 1 |
_aStudies in Indian Economic problems. _cBy C Ganguli. |
|
| 250 | _a1st. | ||
| 260 |
_aCalcutta: _bAllied publishers private liumited.,978. |
||
| 300 |
_a192 p.: _c25 cm. |
||
| 653 | _aEconomics. | ||
| 653 | _aStudies of economic problem. | ||
| 942 | _cBK | ||
| 999 |
_c1179 _d1179 |
||